[Event "Dubai op"]
[Site "Dubai"]
[Date "2001.04.25"]
[Round "9"]
[White "Safin, Shukhrat"]
[Black "Kotsur, Pavel"]
[Result "0-1"]
[WhiteElo "2504"]
[BlackElo "2576"]
[Annotator "Stohl,I"]
[PlyCount "46"]
[EventDate "2001.04.15"]
[EventType "swiss"]
[EventRounds "9"]
[EventCountry "UAE"]
[SourceTitle "CBM 083"]
[Source "ChessBase"]
[SourceDate "2001.07.05"]
[SourceVersion "1"]
[SourceVersionDate "2001.07.05"]
[SourceQuality "1"]

1. d4 Nf6 2. c4 e6 3. Nf3 c5 4. d5 exd5 5. cxd5 d6 6. Nc3 g6 7. g3 Bg7 8. Bg2
O-O 9. O-O a6 10. a4 Re8 11. Nd2 Nbd7 12. h3 {A waiting move, which also
denies Black's N g4 in the future. An alternative is} (12. Nc4 {Less ambitious
and possibly safer is} Nb6 (12... Ne5 13. Nxe5 Rxe5 14. Bf4 Re8 15. Qc2 Nh5 16.
Bd2 Bf5 $5 (16... f5 17. a5 Bd7 18. e3 Nf6 19. Na4 Rc8 20. Nb6 Rc7 21. Bc3 Bb5
22. Rfc1 Nd7 23. Bxg7 Kxg7 24. b4 $14 {Arkell,K-Ward,C/4NCL/1999/}) 17. e4 Bd7
18. Rab1 $6 (18. a5 $142 f5 $13 {<=>}) 18... Rc8 19. b4 f5 20. b5 f4 21. Bf3
Bh3 22. Bg2 Qd7 $36 {0-1 Robledo,N-Rodriguez,J/Buenos Aires 1994/EXT 97 (32)})
13. Na3 Bd7 14. a5 Nc8 15. Nc4 Bb5 16. Qb3 Bxc4 17. Qxc4 Nd7 18. e4 (18. Ra2
$142 $5 $11) 18... b5 19. axb6 Ncxb6 20. Qe2 c4 21. Be3 Ne5 22. f4 Nd3 $36 23.
e5 dxe5 24. f5 e4 25. f6 Bxf6 26. Nxe4 Bg7 27. Qf3 Ne5 (27... f5 $1 $17) 28.
Nf6+ Bxf6 29. Qxf6 Qxf6 30. Rxf6 Ng4 $11 {Orlov,G-Teplitsky,Y/Vancouver/1999/})
12... Rb8 13. Nc4 Ne5 ({Even here Black has the other N-move at his disposal:} 
13... Nb6 14. Na3 Bd7 15. a5 (15. e4 Nc8 16. Qd3 Qc7 17. Be3 Na7 18. Rfc1 b5
19. b4 c4 20. Qd2 bxa4 21. Nxc4 Qxc4 22. Bxa7 {Birnboim,N-Gruenfeld,Y/ISR-ch/
1986/} Rb7 $5 $13) 15... Nc8 16. Nc4 Bb5 17. Qb3 Bxc4 18. Qxc4 Nd7 19. Qd3 Ne5
20. Qc2 Na7 21. Ne4 Nb5 22. e3 f5 23. Nd2 c4 24. Nxc4 Rc8 25. Ra4 Nxc4 26. Rxc4
Rxc4 27. Qxc4 Qxa5 28. h4 Qc7 29. Qxc7 Nxc7 30. Bd2 Nb5 $11 {Mikhalevski,
V-Morovic Fernandez,I/EU-ch Saint Vincent/2000/}) 14. Na3 {White goes for the
complications.} (14. Nxe5 Rxe5 15. Bf4 Re8 16. a5 Nh5 17. Bd2 f5 18. e3 Bd7 19.
Qc2 b5 20. axb6 Qxb6 21. Rfb1 Bb5 22. Ra3 Nf6 23. b3 Qd8 24. Bc1 Nd7 25. Bb2
Ne5 26. Nxb5 axb5 $132 {Anderton,D-Coull,A/Isle of Man op/1995/}) 14... Bd7 $5
{The whole line became popular after the famous Korchnoi-Kasparov game,
nowadays it occurs only rarely, with Black often trying other moves.} (14...
Nh5 15. e4 Bd7 $5 (15... Rf8 16. Kh2 Bd7 $5 (16... f5 17. f4 b5 18. axb5 axb5
19. Naxb5 fxe4 20. Bxe4 Bd7 21. Qe2 Qb6 22. Na3 Rbe8 23. Qg2 $1 $16 (23. Bd2 $2
Qxb2 24. fxe5 Bxe5 25. Nc4 Nxg3 26. Rxf8+ Rxf8 27. Qe1 Nxe4+ $19 {Kortschnoj,
V-Kasparov,G/Luzern olm/1982/}) 23... c4 24. Bd2 Qb8 25. g4 Nf6 26. fxe5 Nxe4
27. Nxe4 Bxe5+ 28. Kh1 Bxb2 29. Rxf8+ Rxf8 30. Rb1 Qb3 31. Bc3 {1-0,Lacrosse,
M-Piceu,T/Gent/2000/}) 17. Qe2 f5 18. f4 fxe4 19. fxe5 $5 ({The position is
full of tactical tricks and White must be very alert:} 19. Bxe4 Nf7 20. g4 Nf6
21. Bf3 b5 22. axb5 axb5 23. Naxb5 Re8 24. Qc4 Nxg4+ $1 25. hxg4 Qh4+ 26. Kg2
Bxg4 27. Bxg4 Qxg4+ 28. Kh2 Re5 $1 {0-1,Rioseco,F-Vasquez,R/Vina del Mar/1998/}
) 19... Nxg3 20. Rxf8+ Qxf8 21. Qe1 Bxe5 22. Nc4 Nf1+ 23. Kg1 $14) 16. a5 Qxa5
17. g4 Nf6 18. g5 (18. f4 Nexg4 $1 19. hxg4 Nxg4 20. Bf3 h5 21. Bxg4 $2 (21. f5
$1 $13) 21... Bxg4 22. Qd3 b5 23. Nc2 Qd8 24. Rxa6 c4 25. Qg3 b4 $40 {Clavijo,
J-Delchev,A/Istanbul olm/2000/}) 18... Nh5 19. f4 Nc4 20. Nxc4 Qxa1 21. Nxd6
Bd4+ 22. Kh2 Bxc3 23. bxc3 Qxc3 24. Rf3 Qd4 25. Rd3 {Heinbuch,D-Klinger,J/
Buende/1985/} Qf2 26. Rf3 $8 Qd4 $11) 15. f4 (15. Bg5 $6 b5 16. f4 Nc4 17. Nxc4
bxc4 18. Rb1 Qa5 19. e4 Rxb2 20. Rxb2 Qxc3 21. Re2 Nxe4 22. Rxe4 Rxe4 23. Bxe4
Qe3+ 24. Kh2 Qxe4 25. Rf2 h6 26. Re2 Bxa4 $1 $19 {Hulak,K-Rogic,D/Vinkovci/
1995/}) ({Also too slow is} 15. e4 b5 16. axb5 Bxb5 $5 (16... axb5 17. f4 Nc4
18. Nxc4 bxc4 19. e5 dxe5 20. fxe5 Rxe5 21. Bf4 Nh5 $5 $44) 17. Ncxb5 axb5 18.
f4 Ned7 19. Re1 c4 20. Nc2 Nc5 21. Nb4 Nfxe4 $1 {Kemp,P-Ward,C/BCF-ch
Millfield/2000/} 22. Nc6 Qb6 23. Nxb8 Qxb8 $36 {[+]}) 15... Nh5 $1 {[%mdl 512]}
16. Kh2 $6 {Safin tries to play it safe and follows his own game. But the only
way to fight for an edge is to accept the sacrifice, although this is not
without risk.} (16. Ne4 Bf5 17. Kh2 Bxe4 (17... Nc4 $142 $15) 18. Bxe4 Nc4 19.
Bxg6 Nxg3 (19... Nxb2 20. Bxh7+ Kh8 $13) 20. Kxg3 Ne3 21. Bxh7+ Kh8 22. Bxe3
Rxe3+ 23. Rf3 Rxf3+ 24. Kxf3 Qd7 25. Be4 Qxh3+ 26. Kf2 Bd4+ 27. Qxd4+ $1 cxd4
28. Rh1 $18 {Safin,S-Van Helvoort,R/Dieren op/1998/}) (16. fxe5 $142 Bxe5 (
16... Nxg3 17. Rf3 Bxe5 18. Nc4 $36) 17. g4 $1 (17. Ne4 f5 18. Ng5 Nxg3 19. Rf2
(19. Nc4 $2 Nxe2+ $1 20. Kh1 Ng3+ 21. Kg1 Bd4+ 22. Kh2 Nxf1+ 23. Qxf1 b5 24.
axb5 axb5 25. Na5 Ra8 26. Ne6 Be5+ 27. Kh1 Rxa5 28. Nxd8 Rxa1 $19 {Ginting,
N-Antonio,R/Thessaloniki olm/1988/}) 19... b5 20. axb5 axb5 $44) 17... Ng3 18.
Rf3 $5 (18. Rf2 b5 19. axb5 axb5 20. Nc2 $13) (18. Nc4 $2 Bxc3 19. bxc3 Bxg4 $1
20. Qd3 Nxe2+ 21. Kh2 Nxc1 $17 {Saeed,S-Norwood,D/London/1984/}) 18... b5 19.
axb5 axb5 20. Qe1 b4 (20... f5 21. g5 $16) 21. Rxg3 Qh4 22. Kh2 bxa3 23. Rxa3
Bxg4 24. Qf2 $14) 16... b5 17. axb5 axb5 18. Ne4 b4 $1 $146 {[%mdl 8] Kotsur
is prepared and shows a very natural improvement for Black.} (18... Bf5 19. Nd2
Nc4 (19... b4 $142 20. Nc2 Bxc2 21. Qxc2 $14) 20. Naxc4 bxc4 21. Nxc4 Rb4 22.
Na5 Rd4 23. Qe1 Qe7 24. e3 Bd7 25. Nc6 Bxc6 26. exd4 $1 {Safin,S-Dowden,R/
Singapore/1995/} Qxe1 27. Rxe1 Rxe1 28. dxc6 Bxd4 29. Bf3 Re7 30. Ra8+ Kg7 31.
Rd8 $16) 19. Nxd6 $8 (19. Nc2 Nc4 $17 {|^}) (19. fxe5 bxa3 (19... Bxe5 $2 20.
Nc4 $18) 20. Bg5 Qb6 21. bxa3 Bxe5 $17) 19... bxa3 20. Rxa3 (20. Nxe8 Qxe8 21.
Rxa3 (21. fxe5 axb2 22. Bxb2 Rxb2 $19) 21... Nc4 $15 {/-/+}) 20... Ba4 $1 21.
Nxf7 $2 {[%mdl 8192] Loses material and the game.} (21. Rxa4 Qxd6 22. g4 (22.
fxe5 Bxe5 23. Bf4 Nxg3 $1 $40) 22... Nxf4 23. Bxf4 Rxb2 $15) (21. Qxa4 $142
Qxd6 22. fxe5 Bxe5 23. Rff3 Qxd5 $15 {עh2 Black is better due to the shaky
white >>, but the game is not decided yet.}) 21... Bxd1 22. Nxd8 Bxe2 $19 23.
Re1 (23. fxe5 Bxf1 24. Nc6 Bxg2 25. Nxb8 Bxd5 $19) 23... Nc4 0-1

[Event "Seville op"]
[Site "Seville"]
[Date "1992.??.??"]
[Round "6"]
[White "Marin, Mihail"]
[Black "Franco Ocampos, Zenon"]
[Result "0-1"]
[WhiteElo "2525"]
[BlackElo "2520"]
[Annotator "Stohl,I"]
[PlyCount "122"]
[EventDate "1992.??.??"]
[EventType "swiss"]
[EventRounds "9"]
[EventCountry "ESP"]
[SourceTitle "CBM 029"]
[Source "ChessBase"]
[SourceDate "1992.08.01"]
[SourceVersion "1"]
[SourceVersionDate "1992.08.01"]
[SourceQuality "1"]

1. d4 {Ernst} Nf6 2. c4 e6 3. g3 c5 4. d5 exd5 5. cxd5 d6 6. Nc3 g6 7. Nf3 Bg7
8. Bg2 O-O 9. O-O a6 10. a4 Nbd7 11. Nd2 (11. e4 Ng4 12. Nh4 $5 {[+]}) 11...
Re8 12. Nc4 (12. h3 {Ernst} Rb8 13. Nc4 Nb6 14. Na3 Bd7 15. Qc2 Nc8 16. Rb1 Qc7
17. Bd2 c4 $1 18. b4 cxb3 19. Rxb3 Bf5 20. Qc1 Nd7 $1 21. g4 Nc5 $15 {Pal
Petran - Sindik, Berlin 1986.}) 12... Nb6 (12... Ne5 13. Nxe5 $5 Rxe5 14. Bf4
Re8 15. Qc2 Nh5 16. Bd2 Bd7 {N} (16... f5 17. e3 $14) 17. a5 b5 18. axb6 Qxb6
19. Ra2 $14 {Zaichik,G-Gallego,L,Sebastian op 1991-TD91_08}) 13. Na3 Bd7 14.
Qc2 (14. Re1 $5 Qc7 15. h3 Nxa4 16. Nxa4 b5 17. Nxc5 Qxc5 18. Qd3 b4 19. Nc2
Bb5 20. Qd1 a5 21. Be3 $14 {Carlhammar-Isaacs,St.Martin op 1991}) (14. h3 Nxa4
$5 15. Nxa4 b5 16. Nc3 (16. Nxc5 dxc5 $13) 16... b4 17. Bd2 bxc3 18. Bxc3 Ne4
19. Bxg7 Kxg7 20. Qc2 f5 $10 {Akopian,V-Telcic,R,Belgrade GMA-op 1988-TD88_07})
(14. Bd2 Nxa4 (14... Rb8 15. Re1 Nc8 16. Rb1 b5 17. axb5 axb5 18. b4 c4 19. h3
Nh5 20. e4 f5 21. exf5 Bxf5 22. Rc1 Bd7 23. g4 $36 {Kajdanov,G-Aseev,K,Vilnius
1984}) 15. Nxa4 b5 16. Nc3 b4 17. Nc4 bxc3 18. Bxc3 Bb5 19. b3 Ng4 20. Bxg7
Kxg7 21. e4 Ne5 22. Nxe5 Rxe5 23. Re1 Qf6 24. f4 $14 {Lalic,B-Sax,G,Sarajevo
1985}) (14. a5 Nc8 15. Nc4 Bb5 16. Qb3 Bxc4 17. Qxc4 b5 18. axb6 Qxb6 19. h3
Nd7 20. Qa4 Qd8 21. Qc2 Ncb6 22. Re1 Qc7 23. Bf4 Ne5 $132 {Pedersen,
St-Peicheva Hansen,E,Gausdal Arnold 1990-TD90_05}) 14... Rb8 15. Bd2 (15. a5
Nc8 16. Nc4 Bb5 17. b3 Ng4 $132) (15. h3 $5 {/\e4}) 15... Nc8 (15... Nxa4 $5
16. Nxa4 b5 17. Nxc5 dxc5 18. Bf4 Rc8 $13 {פa3}) 16. Rab1 b5 17. axb5 axb5 18.
b4 $14 c4 19. Qc1 $6 (19. Rbe1 $5 $14 {/\h3,e4[+]}) 19... Bf5 20. Rb2 Qd7 (
20... Ne4 $6 21. Naxb5 (21. Bxe4 Bxe4 22. f3 Bxc3 23. Bxc3 Bxd5 24. Qf4 $40)
21... Nxd2 22. Qxd2 $16) 21. Rd1 Bh3 (21... Ne4 $5 $13) 22. Bh6 Bh8 (22... Bxh6
23. Qxh6 Bxg2 24. Kxg2 $14 {><b5}) 23. Be3 Bxg2 24. Kxg2 Rxe3 (24... Ne7 $142
$5 {/\Nf5<=>}) (24... Ne4 25. Bd4 Bxd4 26. Rxd4 $14) 25. Qxe3 (25. fxe3 Ng4
$146) 25... Ng4 26. Qf3 $8 (26. Qd2 $2 Qa7 $19) 26... Ne7 27. Nab1 $14 Nf5 28.
h3 (28. Ra2 $5 Nd4 29. Qf4 Be5 30. Qd2 Nb3 31. Qc2 $14) 28... Ne5 29. Qf4 Bg7
$1 30. Ne4 $6 (30. Qd2 $142 $14 Bh6 31. Qc2) 30... Qe7 {/\Bh6-+} 31. Qd2 (31.
Qc1 Ng4 32. Nbc3 (32. Nec3 Bh6 $17) 32... Nf6 $36) 31... c3 $1 32. Nexc3 Nc4
33. Qc1 Bh6 $1 (33... Nxb2 34. Qxb2 Rc8 $146) 34. e3 $8 (34. Qc2 Nfe3+ $19) (
34. Nd2 Rc8 $1 35. e4 Nfe3+ 36. fxe3 Nxe3+ 37. Kf2 Nxd1+ 38. Qxd1 Rxc3 $19)
34... Bxe3 35. Re2 (35. fxe3 Nfxe3+ (35... Qe5 {Ernst} 36. Ne2 Nxb2 $19) 36.
Kh2 Nxd1 37. Nxd1 Nxb2 38. Qxb2 Qe1 $15 {עh2}) (35. Qc2 Bxf2 $1 $15) 35... Qg5
36. Qc2 (36. fxe3 Qxg3+ 37. Kh1 Qxh3+ 38. Rh2 Qf3+ 39. Kg1 Ncxe3 $40) 36...
Bxf2 $1 37. Ne4 $8 (37. Kxf2 $2 Qxg3+ 38. Kf1 Nfe3+ $19) 37... Nfe3+ 38. Rxe3 (
38. Kxf2 Qf5+ $19) 38... Nxe3+ 39. Kxf2 Nxd1+ 40. Qxd1 Qe5 $36 {עf2} 41. Nec3
$8 (41. Qd3 Qb2+ $17) (41. Nbc3 $2 f5) 41... Rc8 42. Qe2 (42. Nxb5 Qb2+ 43. Nd2
$8 Rc1 $17) (42. Qd3 $5 Rc4 $15) 42... Qd4+ 43. Kg2 Rc4 $1 (43... Rxc3 $6 44.
Nxc3 Qxc3 45. Qe8+ Kg7 46. Qxb5 $10) (43... Qxb4 44. Qxb5 $132) 44. Qe8+ (44.
Nxb5 Rxb4 45. N1c3 $5 $15) 44... Kg7 45. Qxb5 Rxb4 46. Qe2 Rb3 $36 47. Qc2 Qc4
48. Qd2 h5 49. Kf2 $2 (49. h4 $8 Qb4 50. Qd3 Rb2+ $15) 49... h4 50. g4 Qb4 51.
Qd3 Qf4+ 52. Ke2 (52. Qf3 $2 Rb2+ $19) 52... Qc1 53. Qd1 Rb2+ $19 54. Ke1 $8
Qe3+ 55. Ne2 Kg8 (55... Qxh3 $4 56. Qd4+ $18) 56. Nbc3 Qxh3 57. Qd4 Qf3 {
/\h4-h3} 58. Qf4 Qxf4 59. Nxf4 Rb4 60. Nce2 g5 61. Nh5 Kh7 (61... Kh7 62. Kf2
Kg6 63. Kf3 f5 $19 {[Stohl]}) 0-1

[Event "Sydney Mercantile"]
[Site "Sydney"]
[Date "1991.??.??"]
[Round "5"]
[White "Johansen, Darryl Keith"]
[Black "Rogers, Ian"]
[Result "1/2-1/2"]
[WhiteElo "2465"]
[BlackElo "2545"]
[Annotator "Stohl,I"]
[PlyCount "73"]
[EventDate "1991.04.??"]
[EventType "tourn"]
[EventRounds "9"]
[EventCountry "AUS"]
[EventCategory "10"]
[SourceTitle "CBM 023"]
[Source "ChessBase"]
[SourceDate "1991.08.01"]
[SourceVersion "1"]
[SourceVersionDate "1991.08.01"]
[SourceQuality "1"]

1. d4 Nf6 2. c4 c5 3. d5 e6 4. g3 exd5 5. cxd5 d6 6. Nc3 g6 7. Bg2 Bg7 8. Nf3
a6 9. a4 O-O 10. O-O Re8 (10... Nbd7 11. Nd2 Qc7 12. Qb3 $5 Ne8 $2 (12... Ne5
$5 $13) 13. Nc4 Rb8 14. Bf4 b5 15. axb5 Ne5 16. Bxe5 Bxe5 17. b6 $18 {Ivnachuk,
V-Yudasin,L,Riga cm 1991-CBM 22}) 11. Nd2 (11. Re1 Ne4 12. Nxe4 Rxe4 13. Qc2 $5
Re8 14. e4 Nd7 15. Bf4 Qc7 16. Rad1 Rb8 17. b4 c4 18. a5 b5 19. Be3 $14 {
Manor,I-Levitt,J,Tel-Aviv 1989}) 11... Nbd7 12. Qb3 $6 (12. Nc4 Nb6 $13) (12.
h3 Rb8 13. Nc4) 12... Rb8 $1 (12... Qc7 13. Nc4 Ne5 14. Nb6 Rb8 15. a5 $14) 13.
Nc4 Ne5 14. Nb6 Ned7 (14... Nfd7 $5 15. Nxc8 Qxc8 16. h3 $6 (16. a5 b5 17. axb6
Rxb6 18. Qc2 c4 $132) 16... b5 $1 17. axb5 axb5 18. Ra5 (18. Nxb5 c4 19. Qb4
Rb6 20. Qa5 Qb7 21. Nc3 Nc5 $36) 18... b4 19. Ne4 Qc7 20. Qa2 b3 21. Qa1 Nf6
22. Ra7 Qd8 23. Bg5 h6 $1 $17 {Sakajev,K-Anastasian,A,Frunze op 1989-TD89_09})
15. Nc4 Ne5 16. Nb6 Ned7 17. Nxc8 (17. Nc4 $10) 17... Qxc8 $13 18. a5 (18. Bf4
Qc7 $10 {/\b5,Nh5}) 18... b5 19. axb6 Rxb6 (19... Nxb6 20. Qa2 $14) 20. Qa4 c4
$5 (20... Qb7 21. Ra2 Ra8 $5 $10) 21. Ra2 {/\Be3} Ng4 $8 22. h3 Ngf6 (22...
Nge5 $142 $5 23. Qa5 {/\f4+-} (23. Be3 Nc5 24. Qa5 Qb8 $132) (23. f4 $6 Nc5 24.
Qa5 Ned7 $36) 23... Qc5 $8 24. Qxc5 Nxc5 25. Be3 Reb8 26. Bxc5 dxc5 27. Na4 Rb4
28. Rc1 Nd7 $10) 23. Nd1 (23. Be3 Rxe3 24. fxe3 Qc5 $146) (23. e4 $1 $14 {/\Be3
}) 23... Rxe2 24. Be3 Rb3 $2 (24... Rb8 $5 $13) 25. Qc6 $1 (25. Qxa6 Qxa6 26.
Rxa6 Ne8 $10 {><b2}) 25... Rb8 $8 26. Rxa6 $2 (26. Qxd6 c3 (26... Ne8 27. Qxa6
Qxa6 28. Rxa6 Bxb2 29. Rc6 $16) 27. Nxc3 Rexb2 28. Rxb2 Rxb2 29. Rc1 $16) 26...
Ne8 $10 {<=>><b2} 27. Qxc8 Rxc8 28. Rc6 Rc7 $1 29. Bf3 Rc2 30. Be4 Re2 31. Bf3
Rc2 32. Bf4 Ne5 33. Bxe5 Bxe5 34. Ne3 Rxb2 35. Rxc7 (35. Nxc4 Rb3 36. Nxe5 dxe5
37. d6 Rd7 $1 38. Rc8 Rxf3 $10) 35... Nxc7 36. Nxc4 Rb8 37. Rc1 (37. Nxe5 dxe5
38. d6 Ne6 $10) (37. Rc1 Ne8 $10 {^-;[Stohl,I]}) 1/2-1/2

[Event "Buenos Aires Najdorf"]
[Site "Buenos Aires"]
[Date "1991.??.??"]
[Round "6"]
[White "Nogueiras Santiago, Jesus"]
[Black "Cifuentes Parada, Roberto"]
[Result "1-0"]
[WhiteElo "2540"]
[BlackElo "2510"]
[Annotator "Stohl,I"]
[PlyCount "95"]
[EventDate "1991.04.??"]
[EventType "tourn"]
[EventRounds "13"]
[EventCountry "ARG"]
[EventCategory "11"]
[SourceTitle "CBM 024"]
[Source "ChessBase"]
[SourceDate "1991.10.01"]
[SourceVersion "1"]
[SourceVersionDate "1991.10.01"]
[SourceQuality "1"]

1. d4 Nf6 2. Nf3 c5 3. d5 g6 4. c4 d6 5. Nc3 Bg7 6. g3 O-O 7. Bg2 e6 8. O-O
exd5 9. cxd5 a6 10. a4 Re8 11. Nd2 Nbd7 12. h3 (12. Qb3 $6 Rb8 13. Nc4 Ne5 14.
Nb6 Nfd7 15. Nxc8 Qxc8 16. h3 b5 $5 17. axb5 axb5 18. Ra5 b4 19. Ne4 Qc7 $15 {
Sakaev,K-Anastasian,A,Frunze op 1989-TD89_09}) (12. a5 b5 13. axb6 Nxb6 14. Nb3
Nc4 $8 15. Qd3 Rb8 $1 16. Qxc4 Rb4 17. Nd2 $5 Rxc4 18. Nxc4 $146) (12. Nc4 Nb6
(12... Ne5 13. Nxe5 $5 Rxe5 14. Bf4 Re8 15. Qc2 Nh5 16. Bd2 f5 17. e3 Bd7 18.
a5 b5 19. axb6 Qxb6 20. Ra2 $14 {Ribli,Z-Hertneck,G,Dortmund 1986-CBM 01}) 13.
Na3 Bd7 14. h3 Nxa4 $5 15. Nxa4 b5 16. Nc3 b4 17. Bd2 bxc3 18. Bxc3 Ne4 19.
Bxg7 Kxg7 20. Qc2 f5 21. Nc4 Bb5 22. b3 Qf6 $10 {Akopian,V-Telcic,R,Belgrade
GMA-op 1988-CBM 10}) 12... Nh5 (12... Rb8 13. Nc4 Nb6 14. Na3 Bd7 $13 {/\} 15.
Bf4 $6 Nh5 16. Bxd6 Bxc3 $1 17. Bxb8 Bxb2 $17) 13. Nce4 $5 Ndf6 $8 14. Nxf6+
Nxf6 15. Nc4 Bf5 (15... Ne4 16. a5 $14) 16. Ra3 (16. a5 Be4 17. Ra3 {-16.Ra3} (
17. Bf4 Bxg2 18. Kxg2 Re4 $1 $36) (17. f3 Bxd5 18. Nb6 Bc6 19. Nxa8 Qxa8 $146))
(16. Bf4 Be4 $5 17. Nxd6 (17. Bxe4 $2 Rxe4 18. Nxd6 Rxf4 $17) (17. Bxd6 $6 Bxg2
18. Kxg2 Re4 $17) 17... Bxg2 18. Nxe8 (18. Kxg2 Re7 $36 {/\g5-+}) 18... Bxf1
19. Nxf6+ Qxf6 20. Kxf1 Qf5 $5 (20... Qxb2 21. Rb1 $16) 21. Kg2 (21. Rc1 Rd8 $1
22. Rxc5 Bf8 $40 23. Rc4 Rxd5) 21... Rd8 22. d6 Bxb2 23. Ra2 $13) 16... Be4 17.
a5 $1 Bxg2 18. Kxg2 Re4 19. Nb6 $8 Rb8 (19... Rd4 20. Rd3 $16) 20. Bg5 Qe8 21.
Bxf6 $8 Bxf6 22. e3 Bxb2 23. Rb3 $146 Rb4 (23... Bg7 24. Qd3 {/\Rfb1,f3,e4[+]})
24. Qc2 $1 (24. Rxb4 cxb4 $17) 24... Rxb3 (24... Bg7 $5 25. Rxb4 cxb4 26. Qc7
b3 27. Qxd6 $13) 25. Qxb3 Qe4+ 26. Kg1 Qb4 27. Qa2 $1 $14 c4 (27... Bg7 28. Rb1
Qc3 29. Nc4 $36) 28. Nxc4 Rc8 $5 (28... Bf6 29. Rb1 Qc5 30. Rb6 $14) 29. Nxb2 (
29. Qxb2 Rxc4 $10) 29... Rc2 30. Nd3 (30. Rb1 $2 Qd2 $17) 30... Qc3 31. Qb1
Qxd3 32. Qxb7 Kg7 $1 {/\Rc5=} 33. Qb1 h5 34. Qa1+ Kh7 35. Qf6 Qxd5 36. e4 Qc4
$5 (36... Qxe4 $6 37. Qxf7+ Kh6 38. Qf8+ Kh7 39. Qxd6 $16) (36... Qe6 37. Qxe6
fxe6 38. Rd1 Rc6 39. Rb1 Rc5 $8 40. Rb6 Rxa5 41. Rxd6 e5 42. Rd7+ $14) 37. Qxd6
Qxe4 38. Qxa6 Qf5 $2 (38... h4 $5 39. g4 (39. Qf6 hxg3 40. Qxf7+ Kh6 $10) 39...
Qf3 40. Qa7 $1 Kg7 (40... Kg8 41. Rb1) 41. Qd4+ Kh7 42. Qe3 $1 Qf6 $14) 39. Qb7
$1 h4 40. g4 Qf4 41. a6 Qc7 (41... Rc7 42. Qb8 $18) 42. Qxc7 Rxc7 43. Ra1 $18
Ra7 44. Kg2 Kg7 45. Kf3 Kf6 46. Kf4 Ke6 47. Kg5 Ke5 48. Ra4 {/\f4,Kh4 Stohl,I}
1-0